Every element starting with letter-A - Statistics

General Stats
  • This quiz has been taken 8 times
  • The average score is 6 of 7
Answer Stats
first 2 letters Answer % Correct
Al Aluminum
100%
Ar Argon
100%
Ac Actinium
83%
Ar Arsenic
83%
Am Americium
67%
As Astatine
67%
An Antimony
50%
No matching quizzes found
Score Distribution
Percent of People with Each Score
Percentile by Number Answered
Your Score History
You have not taken this quiz